[Event "IECG CP.1998.P.00025"]
[Site "IECG email"]
[Date "1998.??.??"]
[Round "?"]
[White "Jorge, Valdir"]
[Black "Fernandez, Hector Marcelo"]
[Result "0-1"]
[WhiteElo "1769"]
[BlackElo "1084"]
[PlyCount "76"]
[EventDate "1998.10.01"]
[EventType "tourn (corr)"]
[EventRounds "6"]
[EventCountry "USA"]
[SourceTitle "Corr 2008"]
[Source "ChessBase"]
[SourceDate "2008.06.24"]
[SourceVersion "1"]
[SourceVersionDate "2008.06.24"]
[SourceQuality "1"]

1. d4 d5 2. c4 e6 3. Nc3 c6 4. e3 Nf6 5. Nf3 Nbd7 6. Bd3 Bb4 7. a3 Bxc3+ 8. bxc3 0-0 9. 0-0 Re8 10. cxd5 exd5 11. c4 dxc4 12. Bxc4 Nb6 13. Bb3 Bg4 14. h3 Bh5 15. Bc2 Ne4 16. Bd3 Qd5 17. Bb2 Ng5 18. Be2 Nxf3+ 19. Bxf3 Bxf3 20. Qxf3 Qxf3 21. gxf3 f5 22. f4 Kf7 23. Kh2 Re7 24. Rg1 Rae8 25. Rac1 Nd5 26. Rc5 Re6 27. Ra5 a6 28. h4 Rh6 29. Kh3 Rh5 30. Bc1 Re6 31. Rg5 Rxg5 32. fxg5 Kg6 33. Kg3 Kh5 34. f3 g6 35. Bd2 f4+ 36. exf4 Re2 37. Bb4 Ne3 38. Re5 Nf1+ 0-1

[Event "IECG CP.1995.P.00004"]
[Site "IECG email"]
[Date "1995.??.??"]
[Round "?"]
[White "Jorge, Valdir"]
[Black "Hubley, Roger"]
[Result "1/2-1/2"]
[WhiteElo "1769"]
[BlackElo "2096"]
[PlyCount "41"]
[EventDate "1995.07.??"]
[EventType "tourn (corr)"]
[EventRounds "6"]
[SourceTitle "Corr 2008"]
[Source "ChessBase"]
[SourceDate "2008.06.24"]
[SourceVersion "1"]
[SourceVersionDate "2008.06.24"]
[SourceQuality "1"]

1. d4 d5 2. c4 c6 3. Nc3 Nf6 4. cxd5 cxd5 5. Nf3 Nc6 6. Bf4 Bf5 7. e3 e6 8. Qb3 Bb4 9. Bb5 0-0 10. 0-0 Bxc3 11. Bxc6 Bxb2 12. Bxb7 Bxa1 13. Rxa1 Qb6 14. Bxa8 Rxa8 15. Qxb6 axb6 16. Bd6 h6 17. h3 Rc8 18. a3 Ne4 19. Bb4 f6 20. Nd2 Nxd2 21. Bxd2 1/2-1/2